000 00373nam a2200145Ia 4500
008 230718s9999 xx 000 0 und d
041 _aEng.
082 _a363.8
_bمتی-غ
100 _aمتین فاطمہ پر شیر
245 0 _aغذا اور فرانت
260 _aPakistan
_bاُردو سائٹس کورڈ
_c2002
300 _a252
650 _aLaw
999 _c28832
_d28832